| 000 | 00447cam a2200181ua 4500 | ||
|---|---|---|---|
| 020 | _c8.40 | ||
| 041 |
_aeng _h |
||
| 082 |
_a515.43 _bEDW/ IN |
||
| 100 | _aEdwards, Joseph . | ||
| 245 |
_aIntegral calculus for beginners / _cJoseph Edwards. _hTextual Documents |
||
| 260 |
_aLondon : _bMacmillan &company , _c1961. |
||
| 300 | _a308 ; . | ||
| 365 | _a8.40 | ||
| 504 | _a | ||
| 942 | _cBK | ||
| 999 |
_c2286 _d2286 |
||